Matemática 1º Medio: texto para el estudiante

Salvato in:
Dettagli Bibliografici
Autori principali: Cid Figueroa, Eduardo (Autore), Muñoz Varisco, Marcia (Autore)
Natura: Libro
Lingua:spagnolo
Pubblicazione: Santiago Arrayán 2002
Serie:Sector Matemática
Soggetti:
Tags: Aggiungi Tag
Nessun Tag, puoi essere il primo ad aggiungerne!!

MARC

LEADER 00000nam a2200000 a 4500
001 UCK7816
003 CL-VaPUC
008 051216e20020000CL |||||||||||||||||spa|d
020 |a 9562403394 
082 0 4 |a 510.712  |b CID  |2 21 
100 0 |a Cid Figueroa, Eduardo  |e author  |9 497462 
700 0 |a Muñoz Varisco, Marcia  |e author  |9 497463 
245 1 0 |a Matemática 1º Medio: texto para el estudiante 
300 |a 255 p 
942 |c BK 
945 |d 20051216 00:00:00  |a cmena 
260 |a Santiago  |b Arrayán  |c 2002 
650 0 |a Matemáticas  |x Enseñanza  |9 875527 
650 0 |a Métodos de enseñanza  |9 270413 
650 0 |a Libros de texto  |9 270019 
583 |a last modification  |c 20170821 01:25:18  |k Rodrigo Vera 
490 0 |a Sector Matemática 
999 |c 315658  |d 315656 
952 |0 0  |1 0  |4 0  |6 510_712000000000000_CID_2002  |7 0  |8 A  |9 389220  |a BIBEDU  |b BIBEDU  |d 2019-11-22  |i 4459695  |o 510.712 CID 2002  |p 4459695  |r 2019-11-22  |w 2019-11-22  |y BK  |k EBA